[Event "DEN-ch G5-2"]
[Site "Svendborg"]
[Date "2018.03.29"]
[Round "1"]
[White "Schmidt, Kim"]
[Black "Jepsen, Ruben"]
[Result "1/2-1/2"]
[WhiteElo "1758"]
[BlackElo "1599"]
[PlyCount "108"]
[EventDate "2018.03.29"]
[EventType "swiss"]
[EventRounds "5"]
[EventCountry "DEN"]
[SourceTitle "EXT 2019"]
[Source "ChessBase"]
[SourceDate "2018.10.10"]
[SourceVersion "1"]
[SourceVersionDate "2018.10.10"]
[SourceQuality "1"]

1. e4 d5 2. exd5 Nf6 3. Nc3 Nxd5 4. Nxd5 Qxd5 5. d4 Nc6 6. c3 e5 7. Ne2 exd4 8. Nxd4 Nxd4 9. Qxd4 Qxd4 10. cxd4 Bb4+ 11. Bd2 Bxd2+ 12. Kxd2 0-0 13. Bc4 Bf5 14. Rhe1 Rfe8 15. Re3 Rxe3 16. fxe3 Rd8 17. Kc3 c6 18. Rf1 Bg6 19. b4 Re8 20. Kd2 Kf8 21. Bd3 Bxd3 22. Kxd3 f6 23. Rf5 Rd8 24. a4 Rd5 25. Rf2 Ke7 26. e4 Rd7 27. Rf5 a6 28. Rc5 Kd6 29. a5 b5 30. Ke3 Re7 31. Kf4 g6 32. g4 h6 33. h4 Rf7 34. h5 gxh5 35. Rxh5 Rh7 36. Kf5 Ke7 37. Kg6 Rh8 38. Rc5 Rg8+ 39. Kf5 Rg5+ 40. Kf4 Rxc5 41. dxc5 Ke6 42. Ke3 Ke5 43. Kf3 Kd4 44. Kf4 Kc4 45. Kf5 Kxb4 46. Kxf6 Kxc5 47. e5 b4 48. e6 b3 49. e7 b2 50. e8Q b1Q 51. Qe5+ Kc4 52. Qe6+ Kc5 53. Qe5+ Kc4 54. Qe6+ Kc5 1/2-1/2

[Event "Horsens op"]
[Site "Horsens"]
[Date "2011.07.??"]
[Round "3"]
[White "Lund, Silas"]
[Black "Schmidt, Kim"]
[Result "1-0"]
[WhiteElo "2401"]
[BlackElo "1933"]
[PlyCount "64"]
[EventDate "2011.07.??"]
[EventType "swiss"]
[EventRounds "7"]
[EventCountry "DEN"]
[SourceTitle "EXT 2012"]
[Source "ChessBase"]
[SourceDate "2011.11.24"]
[SourceVersion "1"]
[SourceVersionDate "2011.11.24"]
[SourceQuality "1"]

1. d4 d5 2. c4 c6 3. Nf3 Nf6 4. Nc3 e6 5. Bg5 Be7 6. e3 Nbd7 7. Bd3 a6 8. cxd5 cxd5 9. 0-0 0-0 10. Qe2 Nb8 11. Ne5 Nbd7 12. f4 g6 13. Rf3 Nh5 14. Bh6 Ng7 15. Rh3 Nxe5 16. fxe5 f5 17. exf6 Bxf6 18. Rf3 Bd7 19. Raf1 Be7 20. Rxf8+ Bxf8 21. Qf3 Qe8 22. e4 dxe4 23. Nxe4 Be7 24. Nf6+ Bxf6 25. Qxf6 Qf8 26. Qe5 Qe7 27. Be4 Bc6 28. d5 Bb5 29. d6 Qd7 30. Rf6 Re8 31. h3 Bc6 32. Bxg6 Qd8 1-0